Outlines for evangelistic sermons. (Record no. 11051)

000 -LEADER
fixed length control field 00559nam a2200181 a 4500
001 - CONTROL NUMBER
control field :::00008844$&:&@@
003 - CONTROL NUMBER IDENTIFIER
control field OkBaRHE
005 - DATE AND TIME OF LATEST TRANSACTION
control field 20000607103346.0
008 - FIXED-LENGTH DATA ELEMENTS--GENERAL INFORMATION
fixed length control field s1972 j 000 0 eng u
040 ## - CATALOGING SOURCE
Transcribing agency
100 1# - MAIN ENTRY--PERSONAL NAME
Personal name Apostolon, Billy.
245 10 - TITLE STATEMENT
Title Outlines for evangelistic sermons.
260 ## - PUBLICATION, DISTRIBUTION, ETC. (IMPRINT)
Place of publication, distribution, etc Grand Rapids, MI.,
Name of publisher, distributor, etc Baker Book House
Date of publication, distribution, etc c1972
300 ## - PHYSICAL DESCRIPTION
Extent 103 p. ;
Dimensions 22 cm.
650 ## - SUBJECT ADDED ENTRY--TOPICAL TERM
Topical term or geographic name as entry element Evangelistic Sermons
General subdivision Outlines
942 ## - ADDED ENTRY ELEMENTS (KOHA)
Source of classification or shelving scheme
Koha item type Books
Copies
Permanent Location Source of classification or shelving scheme Barcode Damaged status Price effective from Date acquired Full call number Koha item type Date last seen Lost status Shelving location Not for loan Copy number Withdrawn status
RHEMA Bible Training College 8844 2010-04-142010-04-14BV 3797 .A572Books2010-04-14 General Stacks 1